Report of the Committee on Roads and Transport on the Supply Contract Agreement between the Government of the Republic of Ghana (Represented by the Ministry of Railways Development) and Messrs Dongfang Electric International Corporation for an amount of Two Hundred and Forty-Three Million, Six Hundred Thousand United States Dollars (US (Record no. 1696)

MARC details
000 -LEADER
fixed length control field 01190nam a2200157Ia 4500
008 - FIXED-LENGTH DATA ELEMENTS--GENERAL INFORMATION
fixed length control field 240429s9999||||xx |||||||||||||| ||und||
041 ## - LANGUAGE CODE
Language code of text/sound track or separate title eng
082 ## - DEWEY DECIMAL CLASSIFICATION NUMBER
Classification number CR/G&MDE/20
100 ## - MAIN ENTRY--PERSONAL NAME
Personal name Roads &Transport Committee
245 #0 - TITLE STATEMENT
Title Report of the Committee on Roads and Transport on the Supply Contract Agreement between the Government of the Republic of Ghana (Represented by the Ministry of Railways Development) and Messrs Dongfang Electric International Corporation for an amount of Two Hundred and Forty-Three Million, Six Hundred Thousand United States Dollars (US
-- 43,600,000.00) for the Procurement of Standard Gauge Rolling Stock, 2020
260 ## - PUBLICATION, DISTRIBUTION, ETC.
Name of publisher, distributor, etc. Parliamet of Ghana
Place of publication, distribution, etc. Accra
Date of publication, distribution, etc. 2020
300 ## - PHYSICAL DESCRIPTION
Extent 12p.; tabs
650 ## - SUBJECT ADDED ENTRY--TOPICAL TERM
Topical term or geographic name entry element Report of the Committee on Roads and Transport on the Supply Contract Agreement between - Government of the Republic of Ghana (Represented by the Ministry of Railways Development) and Messrs - Dongfang Electric International Corporation for an amount of Two Hundred and Forty-Three Million, Si - Million, Six Hundred Thousand United States Dollars (US
Source of heading or term 43,600,000.00) for the Procurement of Stand - Standard Gauge Rolling Stock, 2020
942 ## - ADDED ENTRY ELEMENTS (KOHA)
Koha item type Committee Reports
Holdings
Withdrawn status Lost status Damaged status Not for loan Home library Current library Shelving location Date acquired Total checkouts Full call number Date last seen Copy number Price effective from Koha item type
        Main Library Main Library Open Shelves 16/09/2022   CR/G&MDE/20 3018 C1 - CR/G&MDE/20 3019 C2 29/04/2024 1 29/04/2024 Committee Reports
©2026  Parliament of Ghana Library - All rights reserved